Рукопись Э. Лавиеса "Молодость Фридриха Великого" и "Фридрих Великий до вступления на престол"

RUSMARC
00005073cbc2a2200241#x 450
0016fc8e8b1-6632-4653-8cee-09964d216caf
00520250328110858.0
100##$a20200722l18511900k l0rusy0189 ca
1010#$arus
$bfre
102##$aRU
105##$ay###
1222#$ad1851######
$ad1900######
2001#$aРукопись Э. Лавиеса "Молодость Фридриха Великого" и "Фридрих Великий до вступления на престол"
$e[вторая половина 19 в.]
$j[1851-1900]
215##$a999 листов
$d36,5х26 см
251##$cДело
300##$aПеревод с французского А. М.
300##$aРукописный текст. Чернила
371##$aДокумент не является опубликованным и широко распространяемым
461#0$10010f90f4e9-6853-4757-b6b9-74e3bb410360
$12001
$aОбщество ревнителей русского исторического просвещения в память императора Александра III
$1251
$cФонд
$1852
$j747
462#0$100139319bec-7d6a-48fb-bb5b-6efebc1f47e2
$12001
$a1895-1918 гг.
$vД. 170
$1251
$cОпись
$1852
$j1
801#0$aRU
$bРГИА
$c20200722
801#1$aRU
$bГлавНИВЦ
$c20200722
$2rusmarc
801#2$aRU
$bПБ им. Б.Н. Ельцина
$c20210203
$gRCR
$2rusmarc
850##$aФедеральное казенное учреждение "Российский государственный исторический архив"
852##$aРГИА
$j170
937##$hРГИА
$d12346943
$aASBIBLIO_SCAN
035##$aRusGRCC00008433
856##$uhttp://readingroom.main.prlib.ru/item.aspx?id_node=n156161830&mode=full
600#0$2nlr_sh
$3RU\NLR\AUTH\66268849
$aФридрих
$cкороль прусский
$dII
$f1712 - 1786
$jАрхивные дела
607##$2nlr_sh
$3RU\NLR\AUTH\66314292
$aПруссия
$jАрхивные дела
$xИстория
$z18 - 19 вв.
605##$2acquisition_Prlib
$3DITM\AF\0000004675
$aТерритория
$lколлекция
605##$2acquisition_Prlib
$3DITM\AF\0000002775
$aВласть
$lколлекция
686##$2rubbk
$a63.3(4ФРа)5-8ю1
$vLBC/M
Формат отображения